000 00900 a2200253 4500
008 130821s2010 sp a gr spa
020 _a9786074003376 (México)
020 _a9788449441608 (España)
040 _aCO-BoUCM
_bspa
_cJavier Garzón
_dDiana Londoño
041 0 0 _aspa
100 1 _aRueda, Claudia
_939147
_d1965-
245 1 0 _aPUM
_cClaudia Rueda ; editor Daniel Goldin
260 _aBarcelona (España)
_bOcéano
_c2010
300 _a[16 hojas]
_bilustraciones
490 0 _aOcéano Travesía
650 7 _912285
_aCuentos infantiles colombianos
650 7 _918516
_aLibros ilustrados para niños
650 7 _918524
_aLibros y lectura para niños
650 7 _918680
_aLiteratura infantil
690 _aLiteratura colombiana
700 1 _aGoldin, Daniel
_eeditor
_939234
942 _cLIBRO
_a18
_e1
_kC
_mR918p
_2DEWEY
_h863.44
_n0
999 _c167280
_d167280